Statistiken für Logo Quiz

Klicken Sie hier um das Quiz zu spielen!

Allgemein

  • Dieses Quiz wurde 114 mal gespielt
  • Das Durchschnittsergebnis liegt bei 4 aus 16

Antwortstatistiken

Antwort% Korrekt
BMW
100%
Pinterest
76%
Evian
65%
Premier League
44%
Nescafe
39%
Tabasco
34%
Häagendazs
24%
Uniqlo
14%
Fuji
12%
Citi
9%
Home Depot
6%
Chips Ahoy
4%
Little Caesar's
3%
Sephora
3%
Wonder Bread
0%
Yoplait
0%

Verteilung der Resultate

Perzentil nach korrekt beantworteten Fragen

Anzahl Personen mit jedem Resultat

Ihre Resultats-Entwicklung

Sie haben dieses Quiz noch nicht gespielt